| 000 | 00726nam a22001937a 4500 | ||
|---|---|---|---|
| 999 |
_c12195 _d12195 |
||
| 003 | AR-CdUCM | ||
| 008 | 190408b ||||| |||| 00| 0 spa d | ||
| 040 |
_aMUNICIPALIDAD PROVINCIAL DEL CUSCO _cBIBLIOTECA MUNICIPAL DEL CUSCO |
||
| 082 |
_a615.402 / _bC27 / 1827 |
||
| 100 |
_aCarrasco, Juan Vicente _929923 |
||
| 245 | _aCompendio de farmacología o tratado de materia medica y farmacéutica / | ||
| 260 |
_aMadrid : _bImpr. Garcia, _c1827. |
||
| 300 |
_a491 páginas ; _c15.5 cm. |
||
| 505 | _aContenido: t.2. Remedios mucilaginosos -- Amilaceos -- Gomosas -- Gelatinosos y albuminosos -- Sacarinos ... | ||
| 650 |
_aFarmacología _923227 |
||
| 650 |
_aMedicina _93637 |
||
| 942 |
_2ddc _cLIBROS |
||
| 945 |
_aacv _d08/04/2019 |
||